NCAA Logos #3 - Statistics

General Stats
  • This quiz has been taken 50 times
  • The average score is 10 of 16
Answer Stats
Picture Answer % Correct
Vanderbilt
100%
Saint John's
90%
North Dakota State
87%
Gonzaga
83%
Troy
83%
George Mason
80%
Chattanooga
77%
Murray State
77%
Saint Mary's
77%
Sacramento State
63%
California Riverside
43%
Hampton
43%
Towson
43%
La Salle
37%
North Alabama
37%
Texas Arlington
27%
No matching quizzes found
Score Distribution
Percent of People with Each Score
Percentile by Number Answered
Your Score History
You have not taken this quiz